Giáo trình lý thuyết xác suất & thống kê toán

Salvato in:
Dettagli Bibliografici
Autore principale: Trần, Thái Ninh
Natura: Libro
Lingua:Undetermined
Pubblicazione: Hà Nội ĐH kinh tế quốc dân 2005
Soggetti:
Tags: Aggiungi Tag
Nessun Tag, puoi essere il primo ad aggiungerne! !
Thư viện lưu trữ: Trung tâm Học liệu Trường Đại học Cần Thơ
LEADER 00588nam a2200193Ia 4500
001 CTU_110841
008 210402s9999 xx 000 0 und d
020 |c 70000 
082 |a 519.2 
082 |b V115 
100 |a Trần, Thái Ninh 
245 0 |a Giáo trình lý thuyết xác suất & thống kê toán 
245 0 |c Trần Thái Ninh 
260 |a Hà Nội 
260 |b ĐH kinh tế quốc dân 
260 |c 2005 
650 |a Mathematical statistics,Probabilities 
904 |i Tuyến 
980 |a Trung tâm Học liệu Trường Đại học Cần Thơ